|
|
|
|
| LEADER |
01174nam a2200337 a 4500 |
| 001 |
000352097 |
| 003 |
CZ BrMZK |
| 005 |
20210310103432.0 |
| 007 |
ta |
| 008 |
980115s1998 xr f f 0 cze d |
| 015 |
|
|
|a cnb000387858
|
| 020 |
|
|
|a 80-7105-169-1
|
| 035 |
|
|
|a (OCoLC)42029311
|
| 040 |
|
|
|a BOA001
|b cze
|
| 072 |
|
7 |
|a 631
|x Zemědělství. Pedologie. Agrotechnika. Agroekologie
|2 Konspekt
|9 24
|
| 080 |
|
|
|a 631.3
|2 MRF
|
| 080 |
|
|
|a 338.43.01
|2 MRF
|
| 080 |
|
|
|a (072)
|2 MRF
|
| 245 |
0 |
0 |
|a Náklady na provoz zemědělských strojů /
|c Zdeněk Abrham ... [et al.]
|
| 250 |
|
|
|a Vyd. 1.
|
| 260 |
|
|
|a Praha :
|b Institut výchovy a vzdělávání Ministerstva zemědělství ČR,
|c 1998
|
| 300 |
|
|
|a 56 s. ;
|c 21 cm
|
| 490 |
1 |
|
|a Ekonomika (žlutá ř.)
|
| 650 |
0 |
7 |
|a zemědělské stroje
|7 ph116768
|2 czenas
|
| 650 |
0 |
7 |
|a ekonomika zemědělství
|7 ph136643
|2 czenas
|
| 655 |
|
7 |
|a metodické příručky
|7 fd132826
|2 czenas
|
| 700 |
1 |
|
|a Abrham, Zdeněk
|7 mzk2003171442
|4 aut
|
| 830 |
|
0 |
|a Ekonomika (žlutá ř.)
|
| 910 |
|
|
|a BOA001
|b 2-1049.454
|
| 990 |
|
|
|a BK
|
| 996 |
6 |
|
|b 2610077702
|c 2-1049.454
|l MZK
|r Sklad / do 1 hodiny
|n 8
|p p.v.
|w 000352097
|u 000010
|a 1
|e BOA001
|j MZK50
|s P
|